Statistiken für Kennzeichen in Schleswig-Holstein

Klicken Sie hier um das Quiz zu spielen!

Allgemein

  • Dieses Quiz wurde 65 mal gespielt
    (9 seit der letzten Aktualisierung)
  • Das Durchschnittsergebnis liegt bei 13 aus 15

Antwortstatistiken

KennzeichenStadt% Korrekt
ECKEckernförde
100%
FLFlensburg
100%
HEIHeide
100%
KIKiel
100%
HLLübeck
100%
PLÖPlön
100%
ODBad Oldesloe
83%
SEBad Segeberg
83%
IZItzehoe
83%
NMSNeumünster
83%
PIPinneberg
83%
RZRatzeburg
83%
RDRendsburg
83%
SLSchleswig
67%
MEDMeldorf
50%

Verteilung der Resultate

Perzentil nach korrekt beantworteten Fragen

Anzahl Personen mit jedem Resultat

Ihre Resultats-Entwicklung

Sie haben dieses Quiz seit der letzten Aktualisierung nicht gespielt